| 000 | 01714nam a2200361 i 4500 | ||
|---|---|---|---|
| 001 | 197704 | ||
| 003 | ES-MaACL | ||
| 005 | 20250828063305.0 | ||
| 008 | 250630s2004 sp | o||| ||spa | ||
| 016 | 7 |
_abimoBNE20050210430 _2SpMaBN |
|
| 017 |
_aMU 1816-2004 _bOficina Depósito Legal Murcia |
||
| 020 | _a8479087854 | ||
| 035 | _a(OCoLC)59010993 | ||
| 035 | _a(SpMaBN)bimo0002015391 | ||
| 040 |
_aSpMaBN _bspa _cSpMaBN _erdc |
||
| 080 | _a929 Altamira, Rafael (063) | ||
| 111 | 1 |
_aCongreso Internacional Rafael Altamira _cSan Vicente del Raspeig _d2002 _9242109 |
|
| 245 | 0 | 0 |
_aRafael Altamira: historia, literatura y derecho : _bactas del congreso internacional celebrado en la Universidad de Alicante, del 10 al 13 de diciembre de 2002 / _cEnrique Rubio Cremades y Eva Mª Valero Juan (editores). |
| 260 |
_aSan Vicente del Raspeig : _bUniversidad de Alicante, _c2004. |
||
| 300 |
_a276 páginas : _bilustraciones, gráficos ; _c24 cm. |
||
| 336 |
_2rdacontent _atexto |
||
| 337 |
_2rdamedia _asin mediación |
||
| 338 |
_2rdacarrier _avolumen |
||
| 500 | _aActas del Congreso Internacional Rafael Altamira, celebrado en la Universidad de Alicante, del 10n al 13 de diciembre de 2002. | ||
| 600 | 0 |
_aAltamira, Rafael, _d1866-1951- _vCongresos y asambleas _2embne _9241163 |
|
| 700 | 1 |
_aRubio Cremades, Enrique _d1945- _9241164 _epbl |
|
| 700 | 1 |
_aValero Juan, Eva María _9241165 _epbl |
|
| 852 |
_aES-MaACL _cDEPOJ _jN-10567 _xEncuadernación rústica _9206690 _hDonación: Editorial |
||
| 942 |
_cMONOGRAFIA _n0 |
||
| 999 |
_c197704 _d197704 |
||